Johannes Molzahn, 1892-1965 : [Ausstellung] Ostdeutsche Galerie Regensburg, 9. August bis 19. September 1974 : [Katalog].

Saved in:
Bibliographic Details
Main Author: Molzahn, Johannes, 1892-1965.
Corporate Author: Ostdeutsche Galerie Regensburg.
Format: Book
Language:German
Published: [Regensburg] : Ostdeutsche Galerie, [1974]
Subjects:
Tags: Add Tag
No Tags, Be the first to tag this record!
LEADER 00752nam a22002291i 4500
001 005174800-2
005 20020606095253.2
008 790517s1974 gw a b 000 0 ger
010 |a  75550835  
015 |a GFR*** 
035 0 |a ocm07462813 
040 |a DLC  |c DLC  |d HFL 
050 0 |a ND588.M665  |b O85 
100 1 |a Molzahn, Johannes,  |d 1892-1965. 
245 0 0 |a Johannes Molzahn, 1892-1965 :  |b [Ausstellung] Ostdeutsche Galerie Regensburg, 9. August bis 19. September 1974 : [Katalog]. 
260 |a [Regensburg] :  |b Ostdeutsche Galerie,  |c [1974] 
300 |a [66] p. :  |b ill. (some col.) ;  |c 23 cm. 
504 |a Bibliography: p. [5] 
600 1 0 |a Molzahn, Johannes,  |d 1892-1965. 
710 2 |a Ostdeutsche Galerie Regensburg. 
988 |a 20020608 
906 |0 DLC